The grand Louvre from the fortress to the pyramid

محفوظ في:

المؤلف الرئيسي: Catherine Chaine

مؤلفون آخرون: Jean-Pierre Verdet

التنسيق: كتاب

اللغة: Undetermined

منشور في: Paris Hatier 1989

الموضوعات:

الوسوم: إضافة وسم

لا توجد وسوم, كن أول من يضع وسما على هذه التسجيلة!

رقم الطلب: (L) N2030 .C53

LEADER 00687nam a2200193Ia 4500
008 221124s9999||||xx |||||||||||||| ||und||
020 |a 221-802-335-0 
050 4 |a (L) N2030 .C53 
100 1 |a Catherine Chaine 
245 1 4 |a The grand Louvre  |b from the fortress to the pyramid 
264 1 |a Paris  |b Hatier  |c 1989 
300 |a 201.P  |b (some color.)  |c 25 x 27 cm 
650 4 |a Architecture France Paris 
650 4 |a louvre (paris,france) Paris  
650 4 |a Paris (France) Buildings, structures, etc 
700 1 |a  Jean-Pierre Verdet 
942 |2 lcc  |c BK 
952 |0 0  |1 0  |2 lcc  |4 0  |7 1  |9 44037  |a ARCE  |b ARCE  |d 2022-11-24  |l 0  |o (L) N2030 .C53  |p 1020300  |r 2022-11-24 00:00:00  |w 2022-11-24  |y BK 
999 |c 50494  |d 50494